000
00329nam a2200133Ia 4500
008
231129s9999||||xx |||||||||||||| ||spa||
020
_a
84-7530-365-X
040
_b
spa
082
_a
U813 M623s
100
_a
Michener James A.
245
0
_a
Sayonara
264
_a
Orbis
942
_2
ddc
_c
BKS
999
_c
24368
_d
24368